000 01881cam a2200493Ma 4500
001 ocn795366528
003 OCoLC
005 20200320190843.0
008 030624t20012000nyub c 000 1 eng d
010 _z99089894
019 _a731283679
_a731403257
_a732815719
020 _a9780679889182 (pbk.)
020 _a0679889183 (pbk.)
020 _a9780756905255 (PFNL)
020 _a0756905257 (PFNL)
035 _a(OCoLC)795366528
_z(OCoLC)731283679
_z(OCoLC)731403257
_z(OCoLC)732815719
040 _aLMJ
_cLMJ
_dTXBXL
_dOCLCO
_dWACOL
049 _aWACL
050 4 _aPZ7.P61464
_bPag 2001b
082 0 4 _a[Fic]
_222
092 _ajunior
_bPie
100 1 _aPierce, Tamora.
_918769
245 1 0 _aPage /
_cTamora Pierce.
260 _aNew York :
_bLaurel-Leaf,
_c2001, c2000.
300 _a268 p. :
_bmap ;
_c18 cm.
490 1 _aLaurel-leaf books
490 1 _aProtector of the small ;
_v2
521 0 _a5.8.
520 _aKeladry of Mindelan continues her training to become a squire with the aid of a new maid, the support of her friends, interference from some other pages, and some serious, even dangerous opposition.
521 _ajunior fiction
_bamazon
650 0 _aKeladry of Mindelan (Fictitious character)
_vJuvenile fiction.
_95877297
650 0 _aKnights and knighthood
_vJuvenile fiction.
_95683657
650 0 _aSex role
_vJuvenile fiction.
_95681238
650 0 _aFantasy
_vJuvenile fiction.
_95689241
650 4 _aKnights and knighthood--Fiction.
_95877298
650 4 _aSex role--Fiction.
_95877299
655 4 _aFantasy fiction.
_95877300
830 0 _aLaurel-leaf books.
_922656
800 1 _aPierce, Tamora.
_tProtector of the small ;
_v2.
_947475
942 _cBOOK
_019
948 _a02/22/2013
_zSirsi
994 _a02
_bWACOL
996 _a95895
_b34301001106014
_cYA
_dbk
_ewcl
_fi
_g19
_h8.50
_lamazon
_mPie
_p02/25/2013
_q03/19/2020
_r11/04/2019
999 _c280014
_d280014